| Tag |
First Indicator |
Second Indicator |
Subfields |
| LEADER |
00000cam a2200000 a 4500 |
| 001 |
in00002782797 |
| 005 |
20150922150255.0 |
| 008 |
120412s2012 enka b 001 0 eng c |
| 016 |
7 |
|
|a 016087272
|2 Uk
|
| 020 |
|
|
|a 9781858945682
|
| 020 |
|
|
|a 1858945682
|
| 029 |
1 |
|
|a AU@
|b 000050081388
|
| 035 |
|
|
|a (OCoLC)ocn785869886
|
| 035 |
|
|
|a (OCoLC)785869886
|
| 040 |
|
|
|a BTCTA
|b eng
|c BTCTA
|d UKMGB
|d ERASA
|d BDX
|d YDXCP
|d FXM
|d YNK
|d CDX
|d BWX
|d UtOrBLW
|
| 042 |
|
|
|a pcc
|
| 049 |
|
|
|a TXAM
|
| 050 |
|
4 |
|a N7665
|b .B84 2012
|
| 100 |
1 |
|
|a Bugler, Caroline.
|
| 245 |
1 |
4 |
|a The bird in art /
|c Caroline Bugler.
|
| 264 |
|
1 |
|a London ;
|a New York :
|b Merrell,
|c 2012.
|
| 300 |
|
|
|a 275 pages :
|b color illustrations ;
|c 30 cm.
|
| 336 |
|
|
|a text
|b txt
|2 rdacontent
|
| 337 |
|
|
|a unmediated
|b n
|2 rdamedia
|
| 338 |
|
|
|a volume
|b nc
|2 rdacarrier
|
| 504 |
|
|
|a Includes bibliographical references (page 268) and index.
|
| 650 |
|
0 |
|a Birds in art.
|
| 938 |
|
|
|a Baker and Taylor
|b BTCP
|n BK0011093650
|
| 938 |
|
|
|a Erasmus Boekhandel
|b ERAA
|n NTS0000140032
|
| 938 |
|
|
|a Brodart
|b BROD
|n 102800006
|c $59.95
|
| 938 |
|
|
|a YBP Library Services
|b YANK
|n 7590372
|
| 938 |
|
|
|a YBP Library Services UK
|b YBPK
|n 7590372
|
| 938 |
|
|
|a Coutts Information Services
|b COUT
|n 21786362
|
| 938 |
|
|
|a Blackwell Book Service
|b BBUS
|n 7590372
|
| 947 |
|
|
|a A14835930978
|
| 945 |
|
|
|a PromptCat
|b 108307
|
| 946 |
|
|
|a stk
|
| 994 |
|
|
|a 92
|b TXA
|
| 948 |
|
|
|a Cataloged
|b h
|c 2012/11/30
|d c
|e EGrant
|
| 999 |
|
|
|a MARS
|
| 999 |
f |
f |
|s d7787085-e4d0-3285-86bd-457b5a9f0391
|i ec58fb48-a533-3a82-86ef-4221560cba75
|t 0
|
| 952 |
f |
f |
|p normal
|a Texas A&M University
|b College Station
|c Sterling C. Evans Library
|d Evans: Library Stacks
|t 0
|e N7665 .B84 2012
|h Library of Congress classification
|i unmediated -- volume
|m A14835930978
|
| 998 |
f |
f |
|a N7665 .B84 2012
|t 0
|l Evans: Library Stacks
|